Indovina la pista dalla prima curva. - Statistics

Statistiche generali
  • Questo quiz è stato fatto 38 volte
  • Il punteggio medio è 6 su 24
Statistiche sulle risposte
con Immagini Risposta % Corretto
GP Italia
97%
GP Azerbaijan
39%
GP Stati Uniti
39%
GP Arabia Saudita
32%
GP Belgio
32%
GP Gran Bretagna
32%
GP Monaco
32%
GP Bahrain
29%
GP Olanda
29%
GP Emilia Romagna
26%
GP Messico
26%
GP Ungheria
26%
GP Austria
23%
GP Brasile
23%
GP Singapore
23%
GP Francia
19%
GP Abu Dhabi
16%
GP Australia
16%
GP Canada
13%
GP Giappone
13%
GP Cina
10%
GP Spagna
10%
GP Miami
6%
GP Portogallo
3%
Nessun quiz corrispondente trovato
Distribuzione punteggi
Percentuale di utenti per punteggio
Percentile per numero di risposta
I tuoi punteggi nel tempo
Non hai fatto questo quiz